00317nam a2200133Ia 45000030006000000080041000060400015000471000019000622450040000812500012001212600021001335460012001540050017001660STCL150530s9999 xx 000 0 und d aSTCLcSTCL aKittel Charles aIntroduction to solid state physics aSeventh bJohn Wileyc1999 aEnglish20220125170135.0